000 00358nam a2200133Ia 4500
008 100328s9999 xx 000 0 und d
082 _b55233
100 _aलोणकर बी.एमे.
245 _aमाझी माणस
260 _bनुतन
630 _aमाझी माणस
730 _aमाझी माणस
942 _cBOOK
999 _c541932
_d541929